Estudio preliminar de un sistema de recolección y disposición para las aguas negras de la ciudad de Naranjo
Guardado en:
| Hovedforfatter: | |
|---|---|
| Format: | Bog |
| Udgivet: |
1987
|
| Fag: | |
| Tags: |
Tilføj Tag
Ingen Tags, Vær først til at tagge denne postø!
|
MARC
| LEADER | 00000nam a2200000Ia 4500 | ||
|---|---|---|---|
| 003 | 004173 | ||
| 005 | 20221231144353.0 | ||
| 008 | 140114s1987 cr a m 000 ||s d | ||
| 040 | |c cru CEDI | ||
| 090 | |a TFG 1879 | ||
| 100 | |a Mejías Cordero, Eddy Alfonso |9 14067 | ||
| 245 | |a Estudio preliminar de un sistema de recolección y disposición para las aguas negras de la ciudad de Naranjo | ||
| 260 | |c 1987 | ||
| 300 | |a 101 páginas ; 28 cm + 1 disquete | ||
| 500 | |a Proyecto de graduación (licenciatura en ingeniería civil)--Universidad de Costa Rica, Facultad de Ingeniería. Escuela de Ingeniería Civil | ||
| 650 | |x AGUAS RESIDUALES |x ALCANTARILLADO - NARANJO (ALAJUELA, COSTA RICA) |9 14068 | ||
| 942 | |c TFG | ||
| 999 | |c 20862 |d 20862 | ||
